Anagrammes de marques - Statistics

General Stats
  • This quiz has been taken 172 times
  • The average score is 6 of 11
Answer Stats
Hint Answer % Correct
azar Zara
92%
anfc Fnac
86%
neiva nivea
83%
uass Asus
61%
acoolcac Coca Cola
59%
paelp Apple
48%
lhcnae Chanel
47%
neiva Evian
38%
iorxomnp Monoprix
33%
atlcoedhn Decathlon
22%
egpotue Peugeot
10%
No matching quizzes found
Score Distribution
Percent of People with Each Score
Percentile by Number Answered
Your Score History
You have not taken this quiz